<?xml version="1.0" encoding="UTF-8"?><?xml-stylesheet type="text/xsl" href="static/style.xsl"?><OAI-PMH xmlns="http://www.openarchives.org/OAI/2.0/" xmlns:xsi="http://www.w3.org/2001/XMLSchema-instance" xsi:schemaLocation="http://www.openarchives.org/OAI/2.0/ http://www.openarchives.org/OAI/2.0/OAI-PMH.xsd"><responseDate>2026-04-18T05:37:28Z</responseDate><request verb="GetRecord" identifier="oai:www.recercat.cat:2072/440282" metadataPrefix="marc">https://recercat.cat/oai/request</request><GetRecord><record><header><identifier>oai:recercat.cat:2072/440282</identifier><datestamp>2024-10-31T04:31:02Z</datestamp><setSpec>com_2072_98</setSpec><setSpec>col_2072_378192</setSpec></header><metadata><record xmlns="http://www.loc.gov/MARC21/slim" xmlns:dcterms="http://purl.org/dc/terms/" xmlns:xsi="http://www.w3.org/2001/XMLSchema-instance" xmlns:doc="http://www.lyncode.com/xoai" xsi:schemaLocation="http://www.loc.gov/MARC21/slim http://www.loc.gov/standards/marcxml/schema/MARC21slim.xsd">
   <leader>00925njm 22002777a 4500</leader>
   <datafield ind2=" " ind1=" " tag="042">
      <subfield code="a">dc</subfield>
   </datafield>
   <datafield ind2=" " ind1=" " tag="720">
      <subfield code="a">Tejedor, Santiago</subfield>
      <subfield code="e">author</subfield>
   </datafield>
   <datafield ind2=" " ind1=" " tag="720">
      <subfield code="a">Montoliu i Riu, Laia</subfield>
      <subfield code="e">author</subfield>
   </datafield>
   <datafield ind2=" " ind1=" " tag="260">
      <subfield code="c">2019</subfield>
   </datafield>
   <datafield ind2=" " ind1=" " tag="520">
      <subfield code="a">Como citar este artículo/How to cite this article Calvo, S.T.; Riu, L.M. Propuesta teórica para la sistematización, archivo y recuperación de los datos de los sitios Web de entidades del tercer sector: El caso Colombia - Cataluña. Transinformação, v.31, e180069, 2019. http://dx.doi.org/10.1590/2318-0889201931e180069</subfield>
   </datafield>
   <datafield ind2=" " ind1=" " tag="520">
      <subfield code="a">El sitio Web es el principal espacio comunicativo online de las entidades del tercer sector, aun así no existe un patrón que facilite su almacenamiento para que las entidades puedan archivar y recuperar sus sitios Web, como tradicionalmente se llevaba a cabo con las publicaciones en papel. Este estudio presenta una propuesta para la sistematización, el archivo y la recuperación de los datos de los sitios Web de entidades del tercer sector. A partir de esta propuesta de sistematización el artículo expone el análisis comparativo de sitios Web de entidades de paz colombianas y catalanas. Para el estudio se utilizó una metodología mixta en base a entrevistas en profundidad y análisis de contenido. El testeo de la propuesta de análisis para sitios Web ha permitido comprobar que la Web se mantiene como el principal eje comunicativo de las entidades. Así, como que los aspectos propuestos permiten llevar a cabo un análisis global del sitio Web y dan respuesta a las condiciones de comunicación para el cambio y la transformación social indicadas por Gumucio Dragon, pertinentes para la muestra que se ha analizado.</subfield>
   </datafield>
   <datafield ind2=" " ind1=" " tag="520">
      <subfield code="a">Traditionally, the organizations have had an archive with their publications in paper. Now, the Website is the main online communicative outlet of third sector organizations, but yet there is no pattern to facilitate their collect and storage. This study presents a proposal for the systematization, archiving and retrieval of data of the Websites of third sector organizations. The article exposes the test of this proposal for the comparative analysis of Websites of Colombian and Catalan peace organizations. The object of study has been approached using mixed methodology: in-depth interviews and content analysis. The results of the test allowed us to verify that the Website remains the main communicative outlet of the organizations. Furthermore, as the proposed aspects allow to carry out an overall analysis of the Website. Ultimately, respond to the conditions of communication for change and social transformation that are relevant for the third sector organizations.</subfield>
   </datafield>
   <datafield tag="653" ind2=" " ind1=" ">
      <subfield code="a">Comunicación</subfield>
   </datafield>
   <datafield tag="653" ind2=" " ind1=" ">
      <subfield code="a">Internet</subfield>
   </datafield>
   <datafield tag="653" ind2=" " ind1=" ">
      <subfield code="a">Medios sociales</subfield>
   </datafield>
   <datafield tag="653" ind2=" " ind1=" ">
      <subfield code="a">Sociedad civil</subfield>
   </datafield>
   <datafield tag="653" ind2=" " ind1=" ">
      <subfield code="a">Organización no gubernamental</subfield>
   </datafield>
   <datafield tag="653" ind2=" " ind1=" ">
      <subfield code="a">Communication</subfield>
   </datafield>
   <datafield tag="653" ind2=" " ind1=" ">
      <subfield code="a">Social media</subfield>
   </datafield>
   <datafield tag="653" ind2=" " ind1=" ">
      <subfield code="a">Civil society</subfield>
   </datafield>
   <datafield tag="653" ind2=" " ind1=" ">
      <subfield code="a">Nongovernamental organization</subfield>
   </datafield>
   <datafield ind2="0" ind1="0" tag="245">
      <subfield code="a">Propuesta teórica para la sistematización, archivo y recuperación de los datos de los sitios web de entidades del tercer sector : el caso Colombia - Cataluña</subfield>
   </datafield>
</record></metadata></record></GetRecord></OAI-PMH>